000 00535nam a2200193Ia 4500
008 240729s9999 xx 000 0 und d
022 _a2772-4670
245 0 _aEarthquake Research Advances
260 _aChina
260 _bKeAi Communications Co. Ltd.
650 _a Dynamic and structural geology
650 _a Geology
650 _a Geophysics. Cosmic physics | Science
650 _a Physics
650 _aScience
856 _uhttps://doaj.org/toc/3d957954bd1147d8a697c45c6138f032
942 _2ddc
942 _cDOAJEJ
999 _c67655
_d67655
945 _a1
_bMadushi Gamage
_c1
_dMadushi Gamage